| 000 | 01035cam a22002775i 4500 | ||
|---|---|---|---|
| 999 |
_c3698 _d3698 |
||
| 003 | EG-ScBUE | ||
| 005 | 20210203142024.0 | ||
| 008 | 081009s1987 ua g 000 f ara d | ||
| 017 | _a2605 | ||
| 020 | _a97793163652 | ||
| 040 |
_aEG-ScBUE _bara _erda _cEG-ScBUE _dEG-ScBUE |
||
| 082 | 0 | 4 |
_a892.736 _bم ح ف _222 |
| 100 | 1 |
_aمحفوظ، نجيب، _d1911-2006، _eمؤلف. |
|
| 245 | 1 | 0 |
_aثرثرة فوق النيل / _cنجيب محفوظ، الحائز على جائزة الدولة التقديرية وجائزة نوبل العالمية للآداب لعام 1988. |
| 250 | _aالطبعة السابعة. | ||
| 264 | 1 |
_aالقاهرة : _bمكتبة مصر، _c1987. |
|
| 300 |
_a199 صفحة ؛ _c20 سم. |
||
| 336 |
_aنص _btxt _2rdacontent |
||
| 337 |
_aبدون وسيط _bn _2rdamedia |
||
| 338 |
_aمجلد _bnc _2rdacarrier |
||
| 490 | 0 | _aمطبوعات مكتبة مصر | |
| 650 | 7 |
_aالقصص العربية _yقرن 20. _2BUEsh |
|
| 651 | _2BUEsh | ||
| 653 |
_bARALIT _bGGEN _cFebruary2021 |
||
| 942 |
_cBB _2ddc |
||